| 000 | 00601nam a2200253Ia 4500 | ||
|---|---|---|---|
| 008 | 210210b2009 xxu||||| |||| 00| 0 eng d | ||
| 020 | _a9788123015576 | ||
| 041 | _aeng | ||
| 082 | _a050.954 INDI | ||
| 100 | _aINDIA, Government of, Publications Division | ||
| 245 | _aIndia 2009: a reference annual Ed 53 | ||
| 250 | _a | ||
| 260 |
_aNew Delhi _bMinistry of I & B Govt. of India _c2009 |
||
| 300 | _a1259 | ||
| 650 | _areference | ||
| 650 | _aIndia | ||
| 650 | _aEd | ||
| 650 | _aannual | ||
| 650 | _aa | ||
| 650 | _a53 | ||
| 650 | _a2009: | ||
| 690 | _aSerials | ||
| 906 | _a063499 | ||
| 999 |
_c136299 _d136299 |
||